[Event "1. Bundesliga 2017/2018"]
[Site "Grieskirchen"]
[Date "2018.01.21"]
[Round "8"]
[Board "2"]
[White "Krassowizkij, Jaroslaw"]
[Black "Kilgus, Georg"]
[Result "1/2-1/2"]
[WhiteElo "2442"]
[BlackElo "2413"]
[PlyCount "158"]
[EventDate "2017.11.16"]
[EventType "team"]
[EventRounds "11"]
[EventCountry "AUT"]
[WhiteTeam "Schachclub Sparkasse Goetzis"]
[BlackTeam "Grieskirchen/Bad Schallerbach"]

1.d4 d5 2.c4 e6 3.Nc3 Nf6 4.cxd5 exd5 5.Bg5 c6 6.e3 Be7 7.Bd3 Nbd7 8.Qc2 O-O 9.Nf3
Re8 10.O-O g6 11.h3 Nb6 12.Ne5 Nh5 13.Bxe7 Qxe7 14.Rae1 Ng7 15.f3 Be6 16.Qf2 Rad8
17.Ng4 f5 18.Ne5 Nd7 19.f4 Nh5 20.Kh2 Nhf6 21.Qc2 Rf8 22.Ne2 a5 23.a3 Ra8 24.Ng1 Nxe5
25.fxe5 Ne4 26.Ne2 Rf7 27.Nf4 Kg7 28.Re2 h5 29.Bxe4 dxe4 30.Qc5 Bb3 31.Rc1 h4 32.Qb6
a4 33.d5 Qxe5 34.dxc6 Ra6 35.Qd8 Rxc6 36.Rxc6 bxc6 37.Qxh4 Qf6 38.Qg3 Kh6 39.h4 Rd7
40.Nh3 Qd6 41.Nf4 Qf6 42.Rf2 Rd1 43.Nh3 Qd6 44.Rf4 Bf7 45.h5 gxh5 46.Qg5+ Kh7 47.Qxf5+
Bg6 48.Ng5+ Kh6 49.Nxe4 Bxf5 50.Nxd6 Rxd6 51.Rxf5 Rd2 52.Rf6+ Kg5 53.Rxc6 Rxb2 54.Rc5+
Kg6 55.Rc4 Rb3 56.Rxa4 Rxe3 57.Ra8 Rc3 58.a4 Ra3 59.a5 Kg7 60.a6 Kh7 61.g3 Ra2+ 62.Kh3
Ra4 63.Kg2 Ra3 64.Kf2 Kg7 65.a7 Kh7 66.Ke2 Kg7 67.Kd2 Kh7 68.Kc2 Kg7 69.Kb2 Ra6 70.Kc3
Ra1 71.Kd4 Ra5 72.Kc4 Ra2 73.Kb5 Ra1 74.Kc6 Ra2 75.Kd6 Ra1 76.Ke5 Ra5+ 77.Ke6 Ra6+
78.Kf5 Ra5+ 79.Kf4 Kh7 1/2-1/2

[Event "1. Bundesliga 2017/2018"]
[Site "Grieskirchen"]
[Date "2018.01.21"]
[Round "8"]
[Board "3"]
[White "Schwabeneder, Florian"]
[Black "Walter, Stefan"]
[Result "1/2-1/2"]
[WhiteElo "2422"]
[BlackElo "2405"]
[PlyCount "154"]
[EventDate "2017.11.16"]
[EventType "team"]
[EventRounds "11"]
[EventCountry "AUT"]
[WhiteTeam "Grieskirchen/Bad Schallerbach"]
[BlackTeam "Schachclub Sparkasse Goetzis"]

1.e4 e5 2.Nf3 Nc6 3.Bb5 a6 4.Ba4 Nf6 5.O-O Be7 6.Re1 b5 7.Bb3 d6 8.c3 O-O 9.h3 Na5
10.Bc2 c5 11.d4 Nd7 12.Nbd2 exd4 13.cxd4 Nc6 14.d5 Nce5 15.Nxe5 Nxe5 16.a4 Bb7 17.axb5
axb5 18.Rxa8 Qxa8 19.f4 Nd7 20.Nf3 Re8 21.Kh2 Bf6 22.Re2 g6 23.Qe1 Qa1 24.Ng5 Bxd5
25.exd5 Rxe2 26.Qxe2 Bxg5 27.Be3 Bf6 28.Qxb5 Nf8 29.b3 Bd4 30.Qd3 Bxe3 31.Qxe3 Qb2
32.Bd1 Kg7 33.Bf3 h6 34.h4 Nh7 35.Qe7 Qf6 36.Qxf6+ Kxf6 37.g4 Nf8 38.Kg3 g5 39.Be4
gxh4+ 40.Kxh4 Nd7 41.Kg3 Nb6 42.Kf2 Nc8 43.Kg3 Ne7 44.Kh4 Kg7 45.g5 Ng8 46.Kh5 hxg5
47.fxg5 Ne7 48.Kg4 Ng6 49.Kf5 Ne5 50.Kf4 Nd7 51.Bf5 Nb6 52.Be4 Nc8 53.Bf5 Ne7 54.Be4
f6 55.Kg4 Kf7 56.Kf4 Kg7 57.Kg4 fxg5 58.Kxg5 Kf7 59.Bf3 Nc8 60.Kf5 Nb6 61.Be2 Na8
62.Bf1 Nb6 63.Be2 Ke7 64.Bc4 Nd7 65.Bb5 Nf6 66.Bc4 Ne8 67.Bb5 Nf6 68.Bc4 Nh5 69.Kg4
Ng7 70.Kg5 Ne8 71.Kg6 Nf6 72.Kf5 Nd7 73.Bb5 Ne5 74.Be2 Kd7 75.Bb5+ Kc7 76.Ke6 Nf3
77.Ke7 Nd4 1/2-1/2

[Event "1. Bundesliga 2017/2018"]
[Site "Grieskirchen"]
[Date "2018.01.21"]
[Round "8"]
[Board "4"]
[White "Kessler, Luca"]
[Black "Webersberger, Johann"]
[Result "1/2-1/2"]
[WhiteElo "2416"]
[BlackElo "2341"]
[PlyCount "80"]
[EventDate "2017.11.16"]
[EventType "team"]
[EventRounds "11"]
[EventCountry "AUT"]
[WhiteTeam "Schachclub Sparkasse Goetzis"]
[BlackTeam "Grieskirchen/Bad Schallerbach"]

1.g3 g6 2.Bg2 Bg7 3.Nf3 e5 4.O-O Nc6 5.c4 Nh6 6.Nc3 O-O 7.e3 f5 8.d4 e4 9.Nd2 d6 10.a3
Nf7 11.b4 a6 12.b5 axb5 13.cxb5 Na5 14.Qc2 d5 15.a4 c6 16.Ba3 Re8 17.Rae1 Nd6 18.Bb4
Nac4 19.Bxd6 Nxd6 20.Qb3 Be6 21.Rb1 c5 22.Ne2 c4 23.Qc2 b6 24.Nc3 Qd7 25.Rbe1 h6 26.f4
Nf7 27.Ndb1 Bf8 28.Ne2 Bd6 29.Nbc3 Kh8 30.Rb1 Rg8 31.Kf2 g5 32.Ke1 g4 33.Rh1 Kg7 34.Kd2
h5 35.Qb2 Nh8 36.Kc2 Ng6 37.Kd2 Ne7 38.Ke1 Rh8 39.Kf2 Kf7 40.Ra1 Ra5 1/2-1/2

[Event "1. Bundesliga 2017/2018"]
[Site "Grieskirchen"]
[Date "2018.01.21"]
[Round "8"]
[Board "5"]
[White "Lentrodt, Thomas"]
[Black "Kvetny, Mark"]
[Result "1-0"]
[WhiteElo "2276"]
[BlackElo "2403"]
[PlyCount "93"]
[EventDate "2017.11.16"]
[EventType "team"]
[EventRounds "11"]
[EventCountry "AUT"]
[WhiteTeam "Grieskirchen/Bad Schallerbach"]
[BlackTeam "Schachclub Sparkasse Goetzis"]

1.d4 d5 2.Nf3 Nf6 3.c4 e6 4.Nc3 Nbd7 5.cxd5 exd5 6.Bf4 c6 7.Qc2 Nh5 8.Bg5 Be7 9.Bxe7
Qxe7 10.e3 Nb6 11.Be2 Bg4 12.Ne5 Bxe2 13.Qxe2 Nf6 14.O-O O-O 15.Rfc1 Nfd7 16.Nxd7
Nxd7 17.Rc2 Rae8 18.Qd3 f5 19.Re2 Rf6 20.Rae1 Qf7 21.f3 Rf8 22.b3 g5 23.Rf2 Qg6 24.Ree2
Re6 25.Rf1 Rfe8 26.Rfe1 Nf6 27.Rf1 Kg7 28.Rfe1 g4 29.f4 g3 30.h3 R8e7 31.Kf1 Ng4 32.hxg4
Qxg4 33.Rd1 h5 34.Ke1 h4 35.Kd2 Rh6 36.Rg1 Kf6 37.Ree1 h3 38.gxh3 Rxh3 39.Rg2 Rh2
40.Reg1 Qh3 41.Qf1 b6 42.Qf3 Rg7 43.Ne2 c5 44.Rxg3 Rxg3 45.Qxg3 Qxg3 46.Rxg3 cxd4
47.exd4 1-0

[Event "1. Bundesliga 2017/2018"]
[Site "Grieskirchen"]
[Date "2018.01.21"]
[Round "8"]
[Board "6"]
[White "De Visser, Leon"]
[Black "Obermayr, Hermann"]
[Result "1-0"]
[WhiteElo "2243"]
[BlackElo "2152"]
[PlyCount "119"]
[EventDate "2017.11.16"]
[EventType "team"]
[EventRounds "11"]
[EventCountry "AUT"]
[WhiteTeam "Schachclub Sparkasse Goetzis"]
[BlackTeam "Grieskirchen/Bad Schallerbach"]

1.c4 c5 2.g3 g6 3.Bg2 Bg7 4.Nc3 Nc6 5.a3 Rb8 6.Rb1 d6 7.b4 Bd7 8.Nf3 Nf6 9.O-O O-O
10.d3 b6 11.b5 Na5 12.Ne1 Qc8 13.e4 Bh3 14.Bg5 Bxg2 15.Nxg2 e6 16.Bd2 Qd7 17.Ne3 Ne8
18.Ne2 Nb7 19.a4 Nc7 20.Bc3 d5 21.Bxg7 Kxg7 22.exd5 exd5 23.Nf4 d4 24.Ned5 Nxd5 25.Nxd5
Rbe8 26.Qf3 Re6 27.Rbe1 Rfe8 28.Rxe6 Rxe6 29.Kg2 Nd6 30.Ra1 Qd8 31.h4 Re5 32.Rh1 h6
33.Ra1 Nf5 34.Kf1 Nd6 35.Re1 Rxe1+ 36.Kxe1 Qe8+ 37.Qe2 Qxe2+ 38.Kxe2 h5 39.Ne7 Kf6
40.Nc6 Nc8 41.a5 bxa5 42.Nxa5 Nd6 43.Nc6 Nc8 44.f4 Kf5 45.Kf3 f6 46.Kf2 Kg4 47.Kg2
g5 48.fxg5 fxg5 49.hxg5 Kxg5 50.Nd8 Kg4 51.Ne6 Nd6 52.Nxc5 Nf5 53.Ne4 Ne3+ 54.Kf2
Nd1+ 55.Ke2 Ne3 56.c5 Nd5 57.Kf2 Nb4 58.c6 Nd5 59.Nf6+ Nxf6 60.c7 1-0

[Event "1. Bundesliga 2017/2018"]
[Site "Grieskirchen"]
[Date "2018.01.21"]
[Round "8"]
[Board "1"]
[White "Jobava, Baadur"]
[Black "Lenic, Luka"]
[Result "1/2-1/2"]
[WhiteElo "2669"]
[BlackElo "2653"]
[PlyCount "60"]
[EventDate "2017.11.16"]
[EventType "team"]
[EventRounds "11"]
[EventCountry "AUT"]
[WhiteTeam "Schachklub Sparkasse Jenbach"]
[BlackTeam "SV Raika Rapid Feffernitz"]

1.d4 d5 2.c4 e6 3.Nc3 Nf6 4.Bg5 Be7 5.e3 h6 6.Bh4 O-O 7.Qc2 c5 8.dxc5 Nbd7 9.cxd5
Nxd5 10.Bxe7 Qxe7 11.Nxd5 exd5 12.Nf3 Nxc5 13.Be2 Bg4 14.O-O Rac8 15.Rfd1 Rfd8 16.h3
Ne6 17.Qa4 Bh5 18.Rd2 d4 19.Qxa7 Bxf3 20.Bxf3 Qb4 21.Rad1 Rc1 22.Rxc1 Qxd2 23.Rd1
Qxb2 24.Qxb7 Qxa2 25.exd4 Nxd4 26.Qe4 Nxf3+ 27.Qxf3 Rxd1+ 28.Qxd1 g6 29.Qd8+ Kg7 30.Qd4+
Kg8 1/2-1/2

[Event "1. Bundesliga 2017/2018"]
[Site "Grieskirchen"]
[Date "2018.01.21"]
[Round "8"]
[Board "2"]
[White "Skoberne, Jure"]
[Black "Nisipeanu, Liviu-Dieter"]
[Result "0-1"]
[WhiteElo "2569"]
[BlackElo "2681"]
[PlyCount "66"]
[EventDate "2017.11.16"]
[EventType "team"]
[EventRounds "11"]
[EventCountry "AUT"]
[WhiteTeam "SV Raika Rapid Feffernitz"]
[BlackTeam "Schachklub Sparkasse Jenbach"]

1.d4 Nf6 2.Nf3 d5 3.Bf4 c5 4.e3 Nc6 5.Nbd2 cxd4 6.exd4 Bf5 7.Bb5 Qb6 8.c4 dxc4 9.Qa4
a6 10.Bxc6+ Qxc6 11.Qxc6+ bxc6 12.Nxc4 Nd5 13.Bg3 f6 14.O-O g5 15.Rfe1 Kf7 16.Na5
h5 17.h4 g4 18.Nh2 Bh6 19.Nc4 c5 20.dxc5 Rac8 21.Rad1 Rxc5 22.b4 Rxc4 23.Rxd5 e6 24.Rd6
Rhc8 25.Nf1 Rc1 26.Rdd1 Rxd1 27.Rxd1 e5 28.Ne3 Bxe3 29.fxe3 Rc2 30.Rf1 Ke6 31.Rf2
Rc1+ 32.Kh2 Rb1 33.a3 Rb3 0-1

[Event "1. Bundesliga 2017/2018"]
[Site "Grieskirchen"]
[Date "2018.01.21"]
[Round "8"]
[Board "3"]
[White "Volokitin, Andrei"]
[Black "Diermair, Andreas"]
[Result "1-0"]
[WhiteElo "2632"]
[BlackElo "2514"]
[PlyCount "105"]
[EventDate "2017.11.16"]
[EventType "team"]
[EventRounds "11"]
[EventCountry "AUT"]
[WhiteTeam "Schachklub Sparkasse Jenbach"]
[BlackTeam "SV Raika Rapid Feffernitz"]

1.e4 e5 2.Nf3 Nc6 3.Bb5 a6 4.Ba4 Nf6 5.O-O Be7 6.Re1 b5 7.Bb3 d6 8.c3 O-O 9.h3 Nb8
10.d4 Nbd7 11.Bc2 Bb7 12.a4 Re8 13.Nbd2 Bf8 14.Bd3 c6 15.b3 g6 16.Qc2 Rc8 17.Bb2 Nh5
18.Bf1 exd4 19.Nxd4 Bg7 20.Rad1 d5 21.b4 Nb6 22.a5 Na4 23.Be2 Nf4 24.Bg4 Rc7 25.Bc1
c5 26.bxc5 Rxc5 27.Nb1 h5 28.Bf3 Qb8 29.exd5 Rxe1+ 30.Rxe1 Bxd4 31.Qe4 Nxh3+ 32.Kf1
Bf6 33.gxh3 Bxd5 34.Qe8+ Qxe8 35.Rxe8+ Kg7 36.Bxd5 Rxd5 37.Bd2 Rd3 38.Ra8 Nc5 39.Be3
Na4 40.Ke2 Rd6 41.Rc8 Re6 42.c4 Nc3+ 43.Nxc3 Bxc3 44.cxb5 Bxa5 45.Ra8 axb5 46.Rxa5
Re5 47.Kd3 Rf5 48.Ke4 Kf8 49.Ra7 Ke8 50.Rc7 Kf8 51.Rc5 Rxc5 52.Bxc5+ Kg7 53.Ke5 1-0

[Event "1. Bundesliga 2017/2018"]
[Site "Grieskirchen"]
[Date "2018.01.21"]
[Round "8"]
[Board "4"]
[White "Schreiner, Peter"]
[Black "Acs, Peter"]
[Result "1/2-1/2"]
[WhiteElo "2465"]
[BlackElo "2592"]
[PlyCount "72"]
[EventDate "2017.11.16"]
[EventType "team"]
[EventRounds "11"]
[EventCountry "AUT"]
[WhiteTeam "SV Raika Rapid Feffernitz"]
[BlackTeam "Schachklub Sparkasse Jenbach"]

1.Nf3 d5 2.g3 c6 3.Bg2 Nf6 4.O-O Bg4 5.c4 e6 6.d4 Be7 7.h3 Bh5 8.cxd5 Bxf3 9.Bxf3
cxd5 10.Nc3 O-O 11.e4 dxe4 12.Nxe4 Nc6 13.Nxf6+ Bxf6 14.d5 exd5 15.Qxd5 Nd4 16.Be3
Nc2 17.Rad1 Nxe3 18.Qxd8 Raxd8 19.fxe3 b6 20.Bd5 Rc8 21.Rc1 Rxc1 22.Rxc1 Be5 23.Kg2
g6 24.b3 Kg7 25.e4 h5 26.Rf1 f6 27.Rc1 Rd8 28.Rc6 g5 29.a4 Rd7 30.Re6 Rc7 31.Bc4 Kf8
32.Kf3 Rg7 33.Kg2 Rd7 34.Bd5 Rc7 35.Rc6 Rxc6 36.Bxc6 h4 1/2-1/2

[Event "1. Bundesliga 2017/2018"]
[Site "Grieskirchen"]
[Date "2018.01.21"]
[Round "8"]
[Board "5"]
[White "Shengelia, David"]
[Black "Sebenik, Matej"]
[Result "0-1"]
[WhiteElo "2505"]
[BlackElo "2562"]
[PlyCount "108"]
[EventDate "2017.11.16"]
[EventType "team"]
[EventRounds "11"]
[EventCountry "AUT"]
[WhiteTeam "Schachklub Sparkasse Jenbach"]
[BlackTeam "SV Raika Rapid Feffernitz"]

1.d4 Nf6 2.c4 e6 3.Nc3 Bb4 4.e3 O-O 5.Nf3 d5 6.Bd2 Re8 7.Rc1 Nc6 8.Be2 a6 9.O-O h6
10.a3 Bd6 11.b4 dxc4 12.Bxc4 e5 13.d5 Ne7 14.e4 Bg4 15.h3 Bh5 16.g4 Bg6 17.Re1 c6
18.Nh4 cxd5 19.Nxd5 Nfxd5 20.Nxg6 Nxg6 21.Bxd5 Qe7 22.Qf3 Nh4 23.Qg3 Ng6 24.g5 Kh7
25.Qg4 Nf4 26.gxh6 g6 27.Rc3 Nxd5 28.exd5 f5 29.Qg5 Qf7 30.Rec1 Rad8 31.Be3 Rd7 32.Bc5
Bb8 33.d6 Bxd6 34.Bxd6 Rxd6 35.Rc7 Rd7 36.Rxd7 Qxd7 37.h4 Qd6 38.Rc3 e4 39.Rg3 f4
40.Rg2 e3 41.fxe3 fxe3 42.Qg4 Re5 43.Qc4 Rd5 44.Kf1 Qf6+ 45.Ke1 Qa1+ 46.Ke2 Qb2+ 47.Kf3
Rf5+ 48.Kg3 Qe5+ 49.Kg4 b5 50.Qc6 Rf4+ 51.Kh3 Qf5+ 52.Kg3 Qg4+ 53.Kh2 Qxh4+ 54.Kg1
Qe1+ 0-1

[Event "1. Bundesliga 2017/2018"]
[Site "Grieskirchen"]
[Date "2018.01.21"]
[Round "8"]
[Board "6"]
[White "Pacher, Simon"]
[Black "Schlosser, Philipp"]
[Result "0-1"]
[WhiteElo "2076"]
[BlackElo "2511"]
[PlyCount "78"]
[EventDate "2017.11.16"]
[EventType "team"]
[EventRounds "11"]
[EventCountry "AUT"]
[WhiteTeam "SV Raika Rapid Feffernitz"]
[BlackTeam "Schachklub Sparkasse Jenbach"]

1.e4 c5 2.Nf3 Nc6 3.Bb5 Nf6 4.e5 Nd5 5.O-O Nc7 6.a4 g6 7.Re1 Bg7 8.c3 O-O 9.Na3 d6
10.exd6 exd6 11.Bf1 d5 12.d4 cxd4 13.Nxd4 Ne6 14.Nxe6 Bxe6 15.Bf4 a6 16.Nc2 Qb6 17.Qc1
Rac8 18.Ra3 Rfd8 19.b4 d4 20.a5 Qa7 21.c4 Ne7 22.c5 Nd5 23.Be5 Bxe5 24.Rxe5 Ne7 25.Qb2
Nc6 26.Re1 Rd7 27.Rd3 Rcd8 28.Red1 Qb8 29.Ne1 Bc4 30.R3d2 Bxf1 31.Kxf1 Qxh2 32.Nf3
Qh1+ 33.Ng1 Rd5 34.f3 h5 35.Rf2 h4 36.Rdd2 Ne7 37.Qb1 Nf5 38.Ke2 d3+ 39.Rxd3 Rxd3 0-1

[Event "1. Bundesliga 2017/2018"]
[Site "Grieskirchen"]
[Date "2018.01.21"]
[Round "8"]
[Board "1"]
[White "Bosiocic, Marin"]
[Black "Melkumyan, Hrant"]
[Result "1/2-1/2"]
[WhiteElo "2605"]
[BlackElo "2669"]
[PlyCount "74"]
[EventDate "2017.11.16"]
[EventType "team"]
[EventRounds "11"]
[EventCountry "AUT"]
[WhiteTeam "SV Pillenkoenig St. Veit"]
[BlackTeam "ASVOE Wulkaprodersdorf"]

1.d4 d5 2.c4 e6 3.Nf3 Nf6 4.g3 Be7 5.Bg2 O-O 6.O-O dxc4 7.Qc2 a6 8.a4 Bd7 9.Qxc4 Bc6
10.Bg5 a5 11.Nc3 Ra6 12.e3 Rb6 13.Qe2 Bxf3 14.Bxf3 c6 15.Rfd1 Nbd7 16.h4 h6 17.Bxf6
Bxf6 18.Be4 Rb4 19.Bb1 Re8 20.Qc2 Nf8 21.Na2 Rb6 22.Nc1 Be7 23.Nd3 Bd6 24.Ba2 Qc7
25.f4 Ra6 26.Rac1 Raa8 27.h5 Rad8 28.e4 Qb6 29.Qf2 Bb8 30.Kh2 Qxd4 31.Qxd4 Rxd4 32.Nc5
Red8 33.Bb3 Rxd1 34.Rxd1 Rxd1 35.Bxd1 b5 36.e5 Ba7 37.Nb7 Bb6 1/2-1/2

[Event "1. Bundesliga 2017/2018"]
[Site "Grieskirchen"]
[Date "2018.01.21"]
[Round "8"]
[Board "2"]
[White "Kraemer, Martin"]
[Black "Brkic, Ante"]
[Result "1-0"]
[WhiteElo "2579"]
[BlackElo "2596"]
[PlyCount "77"]
[EventDate "2017.11.16"]
[EventType "team"]
[EventRounds "11"]
[EventCountry "AUT"]
[WhiteTeam "ASVOE Wulkaprodersdorf"]
[BlackTeam "SV Pillenkoenig St. Veit"]

1.e4 c5 2.Nf3 d6 3.d4 cxd4 4.Nxd4 Nf6 5.Nc3 a6 6.Be3 Ng4 7.Bc1 Nf6 8.f3 e5 9.Nb3 Be6
10.Be3 h5 11.Qd2 Nbd7 12.Nd5 Bxd5 13.exd5 g6 14.O-O-O Bg7 15.Kb1 Qc7 16.Be2 O-O 17.Rhe1
a5 18.a4 Nb6 19.Bxb6 Qxb6 20.Bb5 Kh7 21.Qe2 Bh6 22.g3 Kg7 23.h4 Rh8 24.Nd2 Bxd2 25.Qxd2
Rac8 26.f4 exf4 27.gxf4 Ng4 28.Re7 Rc7 29.Re2 Rcc8 30.Rf1 Qd8 31.Qe1 Qf6 32.f5 g5
33.hxg5 Qxg5 34.f6+ Kh6 35.Bd7 Rcg8 36.Rf5 Qg6 37.Rg2 Kh7 38.Qh1 Kh6 39.Rf4 1-0

[Event "1. Bundesliga 2017/2018"]
[Site "Grieskirchen"]
[Date "2018.01.21"]
[Round "8"]
[Board "3"]
[White "Antoniewski, Rafal"]
[Black "Nagy, Gabor"]
[Result "1/2-1/2"]
[WhiteElo "2528"]
[BlackElo "2481"]
[PlyCount "66"]
[EventDate "2017.11.16"]
[EventType "team"]
[EventRounds "11"]
[EventCountry "AUT"]
[WhiteTeam "SV Pillenkoenig St. Veit"]
[BlackTeam "ASVOE Wulkaprodersdorf"]

1.d4 Nf6 2.Nf3 g6 3.Nc3 d5 4.Bf4 Bg7 5.h3 O-O 6.e3 c5 7.Be2 Nc6 8.O-O cxd4 9.exd4
Ne4 10.Ne5 Nxc3 11.bxc3 Nxe5 12.dxe5 Be6 13.Qd4 Qc7 14.Rfb1 Rfc8 15.Rb3 Bf5 16.Bd3
Bxd3 17.cxd3 e6 18.a4 b6 19.Qe3 Qd7 20.a5 bxa5 21.Rxa5 Rc7 22.Qd4 h6 23.Be3 Qd8 24.Ra4
Rb8 25.Rab4 Rxb4 26.cxb4 Rb7 27.Ra3 Qb8 28.f4 Rxb4 29.Qc3 Rb7 30.Kh2 Bf8 31.Ra6 Rc7
32.Qd2 Qb3 33.Bd4 Qb5 1/2-1/2

[Event "1. Bundesliga 2017/2018"]
[Site "Grieskirchen"]
[Date "2018.01.21"]
[Round "8"]
[Board "4"]
[White "Yankelevich, Lev"]
[Black "Kuljasevic, Davorin"]
[Result "1/2-1/2"]
[WhiteElo "2411"]
[BlackElo "2538"]
[PlyCount "61"]
[EventDate "2017.11.16"]
[EventType "team"]
[EventRounds "11"]
[EventCountry "AUT"]
[WhiteTeam "ASVOE Wulkaprodersdorf"]
[BlackTeam "SV Pillenkoenig St. Veit"]

1.d4 Nf6 2.c4 e6 3.g3 d5 4.Bg2 Bb4+ 5.Bd2 Be7 6.Nf3 O-O 7.O-O Nbd7 8.Bc3 c6 9.Nbd2
b6 10.Re1 Bb7 11.b3 c5 12.cxd5 Nxd5 13.Bb2 Rc8 14.Rc1 Rc7 15.a3 N5f6 16.dxc5 Rxc5
17.Rxc5 Nxc5 18.b4 Ncd7 19.e4 b5 20.Nd4 a5 21.Qb3 axb4 22.axb4 Ne5 23.Ra1 Nc6 24.Nxc6
Bxc6 25.Bc3 Qb6 26.Qb2 Rd8 27.Re1 Qb7 28.Qb1 Qc7 29.Qb2 Qb7 30.Qb1 Qc7 31.Qb2 1/2-1/2

[Event "1. Bundesliga 2017/2018"]
[Site "Grieskirchen"]
[Date "2018.01.21"]
[Round "8"]
[Board "5"]
[White "Rogic, Davor"]
[Black "Mesaros, Florian"]
[Result "1-0"]
[WhiteElo "2515"]
[BlackElo "2424"]
[PlyCount "79"]
[EventDate "2017.11.16"]
[EventType "team"]
[EventRounds "11"]
[EventCountry "AUT"]
[WhiteTeam "SV Pillenkoenig St. Veit"]
[BlackTeam "ASVOE Wulkaprodersdorf"]

1.e4 e5 2.Nf3 Nc6 3.Bb5 a6 4.Ba4 Nf6 5.O-O Be7 6.Re1 b5 7.Bb3 d6 8.c3 O-O 9.h3 Bb7
10.d4 Re8 11.Nbd2 exd4 12.cxd4 Nd7 13.Nf1 Na5 14.Bc2 Bf6 15.Rb1 c5 16.d5 Nc4 17.N3h2
Nce5 18.Ng3 c4 19.Nh5 Nc5 20.Nxf6+ Qxf6 21.Ng4 Nxg4 22.hxg4 a5 23.g5 Qe5 24.f4 Qe7
25.Be3 Rac8 26.Bd4 b4 27.b3 Ba6 28.bxc4 Bxc4 29.Ra1 Qd7 30.Bb2 Bb5 31.Qd4 f6 32.gxf6
Nxe4 33.Bxe4 Rc4 34.Bf5 Rxe1+ 35.Rxe1 Qxf5 36.Qb6 Re4 37.Qb8+ Be8 38.f7+ Kxf7 39.Qc7+
Bd7 40.Rxe4 1-0

[Event "1. Bundesliga 2017/2018"]
[Site "Grieskirchen"]
[Date "2018.01.21"]
[Round "8"]
[Board "6"]
[White "Volkmann, Friedrich Karl"]
[Black "Hebesberger, Thomas"]
[Result "1-0"]
[WhiteElo "2403"]
[BlackElo "2269"]
[PlyCount "64"]
[EventDate "2017.11.16"]
[EventType "team"]
[EventRounds "11"]
[EventCountry "AUT"]
[WhiteTeam "ASVOE Wulkaprodersdorf"]
[BlackTeam "SV Pillenkoenig St. Veit"]

1.d4 d6 2.e4 Nf6 3.Nc3 Nbd7 4.f4 e5 5.Nf3 exd4 6.Qxd4 c6 7.Be3 Qa5 8.O-O-O Be7 9.e5
dxe5 10.fxe5 Bc5 11.Qf4 Ng4 12.Bxc5 Nxc5 13.Bc4 Nh6 14.Ng5 O-O 15.Nce4 Nxe4 16.Qxe4
Bf5 17.Qf4 Kh8 18.Rhf1 f6 19.exf6 Rxf6 20.Qd2 Qxd2+ 21.Rxd2 b5 22.Bb3 a5 23.a3 Raf8
24.h3 a4 25.Ba2 Bg6 26.Rxf6 gxf6 27.Rf2 c5 28.Ne6 Rc8 29.Rxf6 Nf5 30.Nf4 Kg7 31.Rb6
Ne3 32.Rxb5 Rd8 1-0

[Event "1. Bundesliga 2017/2018"]
[Site "St.Veit/Glan"]
[Date "2018.04.05"]
[Round "9"]
[Board "1"]
[White "Nagy, Gabor"]
[Black "Dragnev, Valentin"]
[Result "1/2-1/2"]
[WhiteElo "2481"]
[BlackElo "2482"]
[PlyCount "63"]
[EventDate "2017.11.16"]
[EventType "team"]
[EventRounds "11"]
[EventCountry "AUT"]
[WhiteTeam "ASVOE Wulkaprodersdorf"]
[BlackTeam "mpimmo Wien - SK Ottakring"]

1.d4 d5 2.c4 e6 3.Nf3 Nf6 4.Nc3 c5 5.cxd5 Nxd5 6.g3 cxd4 7.Nxd5 Qxd5 8.Qxd4 Qb5 9.e4
Qb4+ 10.Bd2 Nc6 11.Qxb4 Bxb4 12.Bb5 Bd7 13.Rc1 Bxd2+ 14.Kxd2 Ke7 15.Ke3 Rac8 16.Bxc6
Bxc6 17.Nd4 f6 18.f4 Ba4 19.b3 Bd7 20.e5 Rhd8 21.g4 a5 22.h4 fxe5 23.fxe5 Be8 24.h5
b6 25.Rxc8 Rxc8 26.Rf1 Bd7 27.Rf2 Rc3+ 28.Ke4 Rg3 29.Kf4 Rd3 30.Ke4 Rg3 31.Kf4 Rd3
32.Ke4  1/2-1/2

[Event "1. Bundesliga 2017/2018"]
[Site "St.Veit/Glan"]
[Date "2018.04.05"]
[Round "9"]
[Board "2"]
[White "Schneider-Zinner, Harald"]
[Black "Yankelevich, Lev"]
[Result "1/2-1/2"]
[WhiteElo "2408"]
[BlackElo "2411"]
[PlyCount "61"]
[EventDate "2017.11.16"]
[EventType "team"]
[EventRounds "11"]
[EventCountry "AUT"]
[WhiteTeam "mpimmo Wien - SK Ottakring"]
[BlackTeam "ASVOE Wulkaprodersdorf"]

1.Nf3 Nf6 2.g3 d5 3.d4 c5 4.c3 cxd4 5.cxd4 Nc6 6.Bg2 Bf5 7.Nc3 h6 8.Ne5 e6 9.Bf4 Rc8
10.O-O Be7 11.Qd2 Bb4 12.Rfc1 O-O 13.a3 Nxe5 14.Bxe5 Be7 15.Bxf6 Bxf6 16.e3 Qd7 17.Bf1
Rc7 18.Na2 Rfc8 19.Rxc7 Rxc7 20.Rc1 Rxc1 21.Nxc1 e5 22.dxe5 Bxe5 23.Ne2 Bg4 24.Bg2
Bxe2 25.Qxe2 d4 26.Qd2 Qd6 27.e4 d3 28.Bf1 Bxb2 29.a4 Qd4 30.Bxd3 Ba3 31.Qc2  1/2-1/2

[Event "1. Bundesliga 2017/2018"]
[Site "St.Veit/Glan"]
[Date "2018.04.05"]
[Round "9"]
[Board "3"]
[White "Mesaros, Florian"]
[Black "Blohberger, Felix"]
[Result "1-0"]
[WhiteElo "2424"]
[BlackElo "2429"]
[PlyCount "73"]
[EventDate "2017.11.16"]
[EventType "team"]
[EventRounds "11"]
[EventCountry "AUT"]
[WhiteTeam "ASVOE Wulkaprodersdorf"]
[BlackTeam "mpimmo Wien - SK Ottakring"]

1.Nf3 e6 2.c4 Nf6 3.Nc3 Bb4 4.Qc2 d6 5.a3 Bxc3 6.Qxc3 e5 7.b4 O-O 8.g3 a5 9.Bb2 axb4
10.axb4 Rxa1+ 11.Bxa1 b5 12.cxb5 Nbd7 13.Bg2 Nb6 14.O-O Bd7 15.d3 Qb8 16.Qd2 Bxb5
17.Nh4 Nbd5 18.e4 Ne7 19.f4 Qb6+ 20.Kh1 Ng4 21.Bf3 Bxd3 22.Re1 Bxe4 23.Rxe4 Qf2 24.Qe2
Qa7 25.Bd4 exd4 26.Bxg4 Nd5 27.Nf5 Qa8 28.Bf3 Nc3 29.Re7 Qa4 30.Qe1 g6 31.Nxd4 Na2
32.Ne6 fxe6 33.Qxe6+ Kh8 34.Qh3 h5 35.Bxh5 Kg8 36.Bf3 Rf7 37.Qe6  1-0

[Event "1. Bundesliga 2017/2018"]
[Site "St.Veit/Glan"]
[Date "2018.04.05"]
[Round "9"]
[Board "4"]
[White "Steindl, Johannes"]
[Black "Volkmann, Friedrich Karl"]
[Result "0-1"]
[WhiteElo "2185"]
[BlackElo "2403"]
[PlyCount "72"]
[EventDate "2017.11.16"]
[EventType "team"]
[EventRounds "11"]
[EventCountry "AUT"]
[WhiteTeam "mpimmo Wien - SK Ottakring"]
[BlackTeam "ASVOE Wulkaprodersdorf"]

1.e4 c5 2.Nf3 Nc6 3.d4 cxd4 4.Nxd4 Nf6 5.Nc3 e5 6.Ndb5 d6 7.Bg5 a6 8.Na3 Be6 9.Nc4
Rc8 10.Bxf6 gxf6 11.Ne3 Bh6 12.Ned5 f5 13.Qh5 Qg5 14.Qxg5 Bxg5 15.h4 Bh6 16.exf5 Bxf5
17.g4 Be6 18.Nf6+ Kf8 19.Bd3 Bg7 20.Ncd5 Bxf6 21.Nxf6 Ke7 22.g5 h6 23.Kd2 Nd4 24.Be4
d5 25.Nxd5+ Bxd5 26.Bxd5 Rxc2+ 27.Kd3 hxg5 28.hxg5 Rd8 29.Bxb7 Rc7 30.Bxa6 Nc2+ 31.Ke4
Rd4+ 32.Kf5 Nxa1 33.Rxa1 Rf4+ 34.Kxe5 Ra4 35.b4 Rxa6 36.a4 Rc4  0-1

[Event "1. Bundesliga 2017/2018"]
[Site "St.Veit/Glan"]
[Date "2018.04.05"]
[Round "9"]
[Board "5"]
[White "Wallner, Joachim"]
[Black "Steiner, Adam"]
[Result "1-0"]
[WhiteElo "2311"]
[BlackElo "2188"]
[PlyCount "55"]
[EventDate "2017.11.16"]
[EventType "team"]
[EventRounds "11"]
[EventCountry "AUT"]
[WhiteTeam "ASVOE Wulkaprodersdorf"]
[BlackTeam "mpimmo Wien - SK Ottakring"]

1.Nf3 d5 2.e3 Nf6 3.c4 c6 4.Nc3 e6 5.b3 Bd6 6.Bb2 O-O 7.Be2 Nbd7 8.O-O e5 9.cxd5 e4
10.Nd4 cxd5 11.Ncb5 Bc5 12.Nf5 Re8 13.Rc1 a6 14.Nbd4 Bf8 15.f4 g6 16.g4 gxf5 17.g5
Nc5 18.gxf6 Qxf6 19.Kh1 Bd6 20.Rg1+ Kf8 21.Ba1 Qh6 22.Rg5 Ke7 23.b4 b6 24.bxc5 bxc5
25.Nxf5+ Bxf5 26.Rxf5 d4 27.Bh5 f6 28.Qb3  1-0

[Event "1. Bundesliga 2017/2018"]
[Site "St.Veit/Glan"]
[Date "2018.04.05"]
[Round "9"]
[Board "6"]
[White "Bauer, Thomas"]
[Black "Glavanich, Johann"]
[Result "1-0"]
[WhiteElo "2149"]
[BlackElo "1817"]
[PlyCount "47"]
[EventDate "2017.11.16"]
[EventType "team"]
[EventRounds "11"]
[EventCountry "AUT"]
[WhiteTeam "mpimmo Wien - SK Ottakring"]
[BlackTeam "ASVOE Wulkaprodersdorf"]

1.e4 c5 2.Nf3 Nc6 3.Bb5 a6 4.Bxc6 bxc6 5.O-O d6 6.Re1 e5 7.c3 Bg4 8.h3 Bxf3 9.Qxf3
Nf6 10.d4 cxd4 11.cxd4 Be7 12.dxe5 dxe5 13.Qg3 Qa5 14.Bd2 Qb5 15.a4 Qc5 16.Bc3 O-O
17.Na3 Nd7 18.Rac1 f6 19.Qg4 Nb6 20.b4 Qd6 21.Red1 Qc7 22.a5 Na4 23.Rd7 Qb8 24.Rxe7  1-0